| 000 | 00668nam a2200121Ia 4500 | ||
|---|---|---|---|
| 008 | 220620s9999||||xx |||||||||||||| ||und|| | ||
| 245 | 4 |
_aThe German Chambers of Commerce and Industry _bSelf-governance, Service, the General Representation of Interests and the Dual System of Professional Education |
|
| 546 | _aEnglish[eng] | ||
| 650 | _aCorporate Social Responsibility||Corporate citizenship||Wise decision making||Professional education||Intermediary organizations||Entrepreneurship||Sustainability||German economy | ||
| 700 | _aSasse, Eberhard||Habisch, Andre | ||
| 856 | _uhttps://library.oapen.org/bitstream/20.500.12657/50410/1/978-3-030-70799-6.pdf | ||
| 942 | _cEB | ||
| 999 |
_c25999 _d25999 |
||